000 00560nam a2200181Ia 4500
003 GCL
008 140319s9999 xx 000 0 ara d
040 _aGCL /
_cGCL
082 0 4 _a425
_bم ش
100 1 _aمحمد عبدالرازق مناع
245 1 0 _aالشامل فى اللغة الانكليزية /
_cمحمد عبدالرازق مناع
260 _a[S.N] :
_b2000 للثقافة والنشر ،
_c1991
300 _a150 ص
490 _a
650 0 4 _aاللغة الانجليزية
650 0 4 _aتعليم اللغات
942 _2ddc
_cBK
999 _c46683
_d46683